000 00931nam a22002657a 4500
001 6754
003 FISKH
005 20250526100155.0
008 250526b cb ||||| |||| 00| 0 eng d
020 _a9780448453408
040 _aFISKH
_beng
_cFISKH
_dFISKH
050 _aPZ7.B52893 T
082 _a108
100 _aBlack, Jake
245 _aTerror on Dinosaur island! :
_bBatman, the brave and the bold /
_cAdapted by Jack Black ; Based on the teleplay by Steven Melching ; Batman created by Bob Kane
260 _aNew York :
_bGrosset & Dunlap,
_c2010.
300 _a48 pages :
_bcolor illustrations ;
_c23 cm
505 _aJ
520 _aFollows the adventures of Batman and Plastic Man as they thwart the sinister Gorilla Grodd's plot to devolve humans into primates.
521 8 _a430
_bLexile estimate
521 8 _aJ
_bRaz-Plus
650 _aFantasy
_vFiction
942 _2ddc
_cBK
_n0
999 _c6754
_d6754